| 000 | 01059nam a22002417a 4500 | ||
|---|---|---|---|
| 005 | 20110118141135.0 | ||
| 008 | 110118t xxu||||| |||| 00| 0 hin d | ||
| 010 | _aHIN-91529 | ||
| 020 |
_a9788190831994 _c300.00 |
||
| 035 | _aHN-63875 | ||
| 037 | _bDBAD / PUB | ||
| 040 |
_aDPL _bHN |
||
| 082 | _a820.8 | ||
| 100 | _925364 | ||
| 245 |
_aसमकालीन लेखन और आधुनिक संवेदना / _cकल्पना वर्मा द्वारा संपादित |
||
| 260 |
_aइलाहाबाद _bलोकभारती _c2010 |
||
| 270 |
_a15-ए, महात्मा गाँधी मार्ग _bइलाहाहाबाद _e1 |
||
| 300 |
_a302पृ _c22सेमी (सजिल्द) |
||
| 650 | _9697 | ||
| 700 |
_aवर्मा, कल्पना _925365 |
||
| 942 |
_2ddc _cHN _mसमका _h820..8 |
||
| 999 |
_c49918 _d49918 |
||